| 000 | 01775nam a2200421 i 4500 | ||
|---|---|---|---|
| 001 | 197614 | ||
| 003 | ES-MaACL | ||
| 005 | 20250805062651.0 | ||
| 007 | ta | ||
| 008 | 990311s1998 sp | ||| ||spa | ||
| 016 | 7 |
_abimoBNE19994066949 _2SpMaBN |
|
| 017 |
_aM 35006-1998 _bOficina Depósito Legal Madrid |
||
| 020 |
_a8495146037 _qSociedad Estatal |
||
| 020 |
_a8471202328 _qPatrimonio Nacional |
||
| 024 | _a006980560 | ||
| 035 | _a(OCoLC)427489536 | ||
| 035 | _a(SpMaBN)bimo0001155578 | ||
| 035 | _a991047890249708606 | ||
| 040 |
_aSpMaBN _bspa _cSpMaBN _erdc |
||
| 080 | _a712.25.034(063) | ||
| 245 | 0 | 0 |
_aFelipe II, el rey íntimo : _bjardín y naturaleza en el siglo XVI |
| 260 |
_a[Madrid] _bSociedad Estatal para la Conmemoración de los Centenarios de Felipe II y Carlos V _c[1998] |
||
| 300 |
_a492 p. _bilustraciones _c24 cm |
||
| 336 |
_2rdacontent _atexto |
||
| 337 |
_2rdamedia _asin mediación |
||
| 338 |
_2rdacarrier _avolumen |
||
| 500 | _aActas del congreso internacional celebrado en Aranjuez en 1998, con motivo de la exposición del mismo título | ||
| 594 | _aTextos en español, francés, inglés e italiano | ||
| 650 | 7 |
_aJardines renacentistas- _vCongresos y asambleas _2embne _9240975 |
|
| 710 | 2 |
_aSociedad Estatal para la Conmemoración de los Centenarios de Felipe II y Carlos V _96763 |
|
| 740 | 0 | 2 | _aJardín y naturaleza en el siglo XVI. |
| 852 |
_aES-MaACL _cDEPO1 _jA-15702 _hDonación: Fernando Codina Rodríguez _xEncuadernación rústica _9206060 |
||
| 903 |
_aCodina Rodríguez, Fernando _ednr _9238631 |
||
| 942 |
_n0 _cMONOGRAFIA |
||
| 999 |
_c197614 _d197614 |
||